| 000 | 01250nam a22002657a 4500 | ||
|---|---|---|---|
| 005 | 20170124103220.0 | ||
| 010 | _aB-009178 | ||
| 020 |
_c500.00 _a8186120590 |
||
| 035 | _aB-009178 | ||
| 037 | _bCen Lib/Ret | ||
| 040 |
_aDPL _bHN |
||
| 082 |
_a811.08 _bभट्टसी |
||
| 100 |
_aभट्ट, सीताराम _9101073 |
||
| 245 |
_aनलविलासमहाकाव्यम / _cसीताराम भट्ट ; संपादक रूपनारायण त्रिपाठी |
||
| 246 |
_aNalvilasmahakavyam / _bby Seetaram Bhatt ; sampadak Ropnarayan Tripathy |
||
| 260 |
_aजयपुर _bहंसा प्रकाशन _c1999 |
||
| 270 |
_bजयपुर _a57, नाटाणी भवन मिश्रराजाजी का रसताचाँदपोल बाज़ार _e302001 |
||
| 300 |
_a179पृ. _c20सेमी(सजिल्द) |
||
| 650 |
_aसाहित्य _9101074 |
||
| 650 |
_aसंस्कृत साहित्य _9101075 |
||
| 650 |
_a literature _96262 |
||
| 650 |
_aSanskrit literature _9101076 |
||
| 700 |
_aत्रिपाठी, रूपनारायण _943407 |
||
| 942 |
_2ddc _cHN _h811.08 _mभट्टसी |
||
| 999 |
_c121807 _d121807 |
||